| 000 | 00625nam a22002057a 4500 | ||
|---|---|---|---|
| 999 |
_c165285 _d165285 |
||
| 005 | 20190613121707.0 | ||
| 010 | _aENG-125568 | ||
| 020 |
_a9789381574904 _c700.00 |
||
| 035 | _aEN-109100 | ||
| 037 | _bDBAD/PUB | ||
| 082 | _a796.0954 | ||
| 245 |
_aSedentary games of India/ _cby Nirbed Ray [and] Amitabha Ghosh |
||
| 260 |
_aKolkata _c2019 _bSatyabrata Chakrabarti |
||
| 270 |
_aGeneral Secretary the Asiatic Society 1 Park Street _bkolkata _e700016 |
||
| 300 |
_a227p. _c23cm(Hb) |
||
| 500 | _ainclude index | ||
| 700 | _aNirbed Ray | ||
| 700 | _aAmitabha Ghosh | ||
| 942 |
_2ddc _cEN _h796.0954 _mSED |
||